Wójtowicz, Przemysław. Obraz Związku Sowieckiego w ujęciu polskiej emigracji politycznej w Wielkiej Brytanii w latach 1945-1956. - Warszawa
| Titel: | Wójtowicz, Przemysław. Obraz Związku Sowieckiego w ujęciu polskiej emigracji politycznej w Wielkiej Brytanii w latach 1945-1956. - Warszawa : DiG. - 2008 [Rezension] |
|---|---|
| Verfasser: | |
| In: |
Studia z dziejów Rosji i Europy Środkowo-Wschodniej, Band 44 (2009), Seite 334-339 alle Artikel anzeigen |
| Veröffentlicht: | 2009 |
| Format: | Aufsatz |
| Sprache: | Polnisch |
X
alg: 39510977 001A $01999:12-11-16 001B $03025:17-06-24 $t12:54:09.000 001D $01999:12-11-16 001U $0utf8 001X $00 002@ $0Aox 003@ $0395109779 007A $0395109779 $aHEB 007T $0Herda26309h 010@ $apol 011@ $a2009 021A $aWójtowicz, Przemysław. Obraz Związku Sowieckiego w ujęciu polskiej emigracji politycznej w Wielkiej Brytanii w latach 1945-1956. - Warszawa $dDiG. - 2008 [Rezension] 028A $aKisielewski $dTadeusz 031A $d44 $h334-339 $j2009 039B $aIn $8--Abvc--. Studia z dziejów Rosji i Europy Środkowo-Wschodniej. - Warszawa : Wydawn. Naukowe Semper, 1992-. - ISSN 1230-5057 $x200900000440000666 $9048641332 039T $8--Aau--Wójtowicz, Przemysław [Tnu]. Obraz Związku Sowieckiego w ujęciu polskiej emigracji politycznej w Wielkiej Brytanii w latach 1945 - 1956. - Warszawa : Wydawnictwo DiG, 2008. - 284 s.. - ISBN 83-7181-520-4 $9515347841 045F $a900.9438 $eDDC23BSB 045F/01 $a900 045F/03 $g438 045T $a7,41 lok: 39510977 78 exp: 39510977 78 1 #EPN 201B/01 $018-11-16 $t13:46:29.000 201U/01 $0utf8 203@/01 $0791408418 208@/01 $a12-11-16 $be 209A/01 $a/ $f000 $x00 220C/01 $aHerkunft: PBB/IH PAN 244Z/01 $2Trx $#Poola $#Lenkija $#Polija $#Polen Land $#Poland $#Lengyelország $#Poľsko $#Polsko $8--Trx--Polska$gkraj $x01 $9391345966 244Z/01 $2Trx $#arvustused $#recenzijos $#Reviews $#recenziók $#recenzje $#recenzie $#recenze $8--Trx--Rezensionen $x02 $9391357441 247C/01 $82080>Marburg/Lahn, Herder-Institut, Forschungsbibliothek, Bibliographieportal $9336309341
| LEADER | 00000caa a22000002c 4500 | ||
|---|---|---|---|
| 001 | 395109779 | ||
| 003 | DE-603 | ||
| 005 | 20240617125409.0 | ||
| 007 | tu | ||
| 008 | 161112s2009 xx |||| | u00||u|pol c | ||
| 035 | |a (DE-599)HEB395109779 | ||
| 040 | |a DE-603 |b ger |c DE-603 |d DE-603 | ||
| 041 | |a pol | ||
| 082 | 0 | 4 | |8 1\u |a 900.9438 |q DE-101 |2 23/BSB |
| 084 | |a 7,41 |2 ssgn | ||
| 085 | |8 1\u |b 900 | ||
| 085 | |8 1\u |z 2 |s 438 | ||
| 100 | 1 | |a Kisielewski, Tadeusz | |
| 245 | 0 | 0 | |a Wójtowicz, Przemysław. Obraz Związku Sowieckiego w ujęciu polskiej emigracji politycznej w Wielkiej Brytanii w latach 1945-1956. - Warszawa |b DiG. - 2008 [Rezension] |
| 264 | 0 | |c 2009 | |
| 773 | 0 | 8 | |i In |t Studia z dziejów Rosji i Europy Środkowo-Wschodniej |d Warszawa : Wydawn. Naukowe Semper, 1992- |x 1230-5057 |g Band 44 (2009), Seite 334-339 |w (DE-603)048641332 |w (DE-600)1176803-4 |
| 787 | 0 | 8 | |i Rezension von |a Wójtowicz, Przemysław |t Obraz Związku Sowieckiego w ujęciu polskiej emigracji politycznej w Wielkiej Brytanii w latach 1945 - 1956 |d Warszawa : Wydawnictwo DiG, 2008 |h 284 s., 25 cm |z 8371815204 |w (DE-603)515347841 |
| 924 | 0 | |9 2080 |a (DE-603)791408418 |b DE-2080 |c HES |d d |g / | |


